| 000 | 00750nam a22002177a 4500 | ||
|---|---|---|---|
| 999 |
_c8459 _d8459 |
||
| 003 | AR-CdUCM | ||
| 008 | 190325b ||||| |||| 00| 0 spa d | ||
| 040 |
_aMUNICIPALIDAD PROVINCIAL DEL CUSCO _cBIBLIOTECA MUNICIPAL DEL CUSCO |
||
| 082 |
_a985.611 / _bR87 |
||
| 100 |
_aRowe, John Howland _923728 |
||
| 245 |
_aEl plano mas antiguo del Cusco : _bdos parroquias de la ciudad vistas en 1643 / |
||
| 260 |
_aCusco : _c1989. |
||
| 300 |
_a16 paginas ; _bIlustraciones, plano, _c27 cm. |
||
| 505 | _aContenido : Plano antiguo de la ciudad del Cusco | ||
| 650 |
_aCusco antiguo _923729 |
||
| 650 |
_aPlanos _913064 |
||
| 650 |
_aHistoria cusqueña _95374 |
||
| 710 |
_aInstituto Nacional de Cultura Cusco _99277 |
||
| 942 |
_2ddc _cLIBROS |
||
| 945 | _awnts | ||